000 01055nam0a22002291 4500
001 rc\4319697
005 20250611154858.0
035 _a(NLR Aleph) 008265653
090 _a8424370
_c8424370
100 _a20130416a19589999|||y0rusy50 ca
101 0 _arus
102 _aRU
105 _ay c |||||
200 1 _aИнформационный указатель изменений к техническим условиям и инструкциям
_eГ. 9-
_fВсесоюз. ордена Ленина науч.-исслед. ин-т авиационных материалов
210 _a[Москва]
_cБ. и.
_d1958-
710 0 2 _aВНИИ авиационных материалов
_9347410
_3RU\NLR\AUTH\889925800
801 0 _aRU
_bNLR
_gpsbo
801 1 _aRU
_bELAR
_2rusmarc
830 _aПеречень имеющихся в библиотеке томов, номеров, годов этого издания смотри в каталоге периодических изданий
852 _aNLR
_jПТ П49/333
942 _cBOOK
980 _aNB